000 00232 a2200097 4500
001 39777
100 _aSarao AS
245 _aElements of mechanical Engineering
260 _aNew Delhi
_bSatye Parkash
_c1992
090 _c24784
_d24784
942 _aNUST-CAE
_cM
_c16429
999 _c274850
_d274850